<?xml version="1.0" encoding="UTF-8"?>
<record
    xmlns:xsi="http://www.w3.org/2001/XMLSchema-instance"
    xsi:schemaLocation="http://www.loc.gov/MARC21/slim http://www.loc.gov/standards/marcxml/schema/MARC21slim.xsd"
    xmlns="http://www.loc.gov/MARC21/slim">

  <leader>00390nam a22001457a 4500</leader>
  <controlfield tag="005">20260112125303.0</controlfield>
  <datafield tag="020" ind1=" " ind2=" ">
    <subfield code="a">9783030331511</subfield>
  </datafield>
  <datafield tag="100" ind1=" " ind2=" ">
    <subfield code="a">Kubrusly, Carlos S</subfield>
    <subfield code="9">7726</subfield>
  </datafield>
  <datafield tag="245" ind1=" " ind2=" ">
    <subfield code="a">Spectral theory of bounded linear operators</subfield>
  </datafield>
  <datafield tag="260" ind1=" " ind2=" ">
    <subfield code="a">Switzerland</subfield>
    <subfield code="b">Birkhauser</subfield>
    <subfield code="c">2020</subfield>
  </datafield>
  <datafield tag="300" ind1=" " ind2=" ">
    <subfield code="a">xii+249</subfield>
  </datafield>
  <datafield tag="650" ind1=" " ind2=" ">
    <subfield code="a">Functional calculus</subfield>
    <subfield code="9">7727</subfield>
  </datafield>
  <datafield tag="650" ind1=" " ind2=" ">
    <subfield code="a">Hilbert spaces</subfield>
    <subfield code="9">7576</subfield>
  </datafield>
  <datafield tag="942" ind1=" " ind2=" ">
    <subfield code="2">ddc</subfield>
    <subfield code="c">BK</subfield>
  </datafield>
  <datafield tag="999" ind1=" " ind2=" ">
    <subfield code="c">754979</subfield>
    <subfield code="d">754979</subfield>
  </datafield>
  <datafield tag="952" ind1=" " ind2=" ">
    <subfield code="0">0</subfield>
    <subfield code="1">0</subfield>
    <subfield code="2">ddc</subfield>
    <subfield code="4">0</subfield>
    <subfield code="7">0</subfield>
    <subfield code="8">GIF</subfield>
    <subfield code="a">MAT</subfield>
    <subfield code="b">MAT</subfield>
    <subfield code="c">GEN</subfield>
    <subfield code="d">2026-01-08</subfield>
    <subfield code="e">Donated by Dr. Krishna Kumar G on the completion of SERB sponsored project (UO. No: Ad.F1/1373/2021 dated 22/01/2024)</subfield>
    <subfield code="g">4659.07</subfield>
    <subfield code="l">0</subfield>
    <subfield code="o">515.7222 KUB-S</subfield>
    <subfield code="p">MATG234</subfield>
    <subfield code="r">2026-01-12 07:24:14</subfield>
    <subfield code="w">2026-01-12</subfield>
    <subfield code="y">BK</subfield>
  </datafield>
</record>
